000 00885nam a2200253 a 4500
001 000022293
003 DO-SdBNP
005 20240409073640.0
007 ta
008 100922t1985 dr ac r 001 0bspa d
040 _aDO-SdBNP
_bspa
_cBNPHU
082 _a923.17293
_bT866g, 1985
_222
100 1 _aGimbernard Pellerano, Jacinto,
_d1931-
_923303
245 1 0 _aTrujillo :
_bun estudio de su dictadura /
_cJacinto Gimbernard.
246 3 5 _aTrujillo :
_bun estudio del fenómeno dictatorial
250 _a2ª ed.
260 _aSanto Domingo :
_bPublicaciones América,
_c1985.
300 _a223 P. :
_bil., retrs. ;
_c21 cm.
504 _aIncluye referencias bibliográficas y notas al pie de las páginas.
590 _aInventariado, 2023 / DG
600 1 0 _aTrujillo Molina, Rafael Leónidas,
_d 1891-1961
_976764
910 _aValidado. Control de calidad. EMS
942 _2ddc
_cLBS1
999 _c21791
_d21791